| 000 | 00626nam a2200217Ia 4500 | ||
|---|---|---|---|
| 005 | 20220721134734.0 | ||
| 008 | 131103s9999 xx 000 0 und d | ||
| 020 | _a10-9 8 7 6 5 4 3 2 1 | ||
| 040 | _aLoreto College | ||
| 041 | _aEnglish | ||
| 082 |
_a821.1 _bBEO-FRY |
||
| 245 | 4 |
_aThe Beowulf poet _bA collection of critical essays _cEdited by Donald K.Fry |
|
| 260 |
_aEnglewood Cliffs _bPrentice Hall _c1968 |
||
| 300 | _axi,177 p. | ||
| 504 | _aIncludes bibliographical references | ||
| 650 | _aBeowulf - criticism | ||
| 651 | _aEnglish essays | ||
| 700 |
_aFry,K.Donald _4ed. |
||
| 850 | _aLCLIB | ||
| 942 | _cBK | ||
| 999 |
_c21303 _d71782 |
||